堪舆漫兴补注 (Record no. 28394)

000 -LEADER
fixed length control field 00374nam a22001577a 4500
003 - CONTROL NUMBER IDENTIFIER
control field MPLRDC
005 - DATE AND TIME OF LATEST TRANSACTION
control field 20220104125552.0
008 - FIXED-LENGTH DATA ELEMENTS--GENERAL INFORMATION
fixed length control field 210129b ||||| |||| 00| 0 eng d
082 ## - DEWEY DECIMAL CLASSIFICATION NUMBER
Classification number 093.9 LBW
100 ## - MAIN ENTRY--PERSONAL NAME
Personal name 刘伯温撰
245 ## - TITLE STATEMENT
Title 堪舆漫兴补注
Statement of responsibility, etc. 洪千玉补注
260 ## - PUBLICATION, DISTRIBUTION, ETC.
Place of publication, distribution, etc.
Name of publisher, distributor, etc. 东北出版社
Date of publication, distribution, etc.
300 ## - PHYSICAL DESCRIPTION
Other physical details
650 ## - SUBJECT ADDED ENTRY--TOPICAL TERM
Topical term or geographic name entry element 诗经
942 ## - ADDED ENTRY ELEMENTS (KOHA)
Koha item type Book
-- 093.9 LBW
Holdings
Withdrawn status Lost status Source of classification or shelving scheme Damaged status Not for loan Collection code Home library Current library Shelving location Date acquired Cost, normal purchase price Total Checkouts Full call number Barcode Date last seen Date last checked out Price effective from Koha item type Public note
            Malaysian Public Library, Research and Development Centre Malaysian Public Library, Research and Development Centre   10/12/2007 8.00   093.9 LBW 00028466 17/03/2021 10/12/2007 17/03/2021 Book mplrdc

© 2022. Malaysian Public Library, Research and Development Centre. All Right ReservedE-mailmplrdc@help.edu.my 

Powered by Koha